000 01646cam a22004574i 4500
003 PE-LiUPU
005 20250731173522.0
008 150616s1990 xxk r 000 0 eng d
035 _a(Sirsi) a8321
040 _aPE-LiUPU
_bspa
_cPE-LiUPU
_erda
049 _aPRUA
082 0 4 _a248.32
_bA57
_221
100 1 _aAndrew, Brother,
_eautor.
245 1 0 _aAnd God Changed his Mind /
_cBrother Andrew.
264 1 _aNew York :
_bChosen Books,
_c1990.
300 _a191 páginas ;
_c21 centímetros
336 _atext
_2rdacontent
337 _aunmediated
_2rdamedia
338 _avolume
_2rdacarrier
505 0 _aWwe are not Helpless! -- Who Can Change God's Mind?Asking According to god's Mind? -- Come boldlu Before the Throne -- How, Then, Shall We Pray? -- When It's Satan's Will, Not God's -- What should We Be Asking God to Do today?.
526 _aSEG42
526 _aSEG41
526 _aSEG40
526 _aSEG39
526 _aP94
526 _aP87
526 _aP86
526 _aP85
526 _aP77
526 _aP76
526 _aP35
650 1 4 _aOración
_xCristianismo.
_91289
650 2 4 _aDios (cristianismo)
_xInmutabilidad.
910 _ajck
_bjvq
_cjck
942 _2ddc
_cBOOK
949 _a248.32 A57
_wDEWEY
_c1
_i41898
_lCCODEBUL1
_mBUL
_p25.00
_r0
_sY
_tBOOK
_u19961028
_xTEOLOGIA
_zUNKNOWN
_0COMPRA
_o.STAFF. Colección Teología
994 _aC0
_bPEPRU
596 _a1
999 _a248.32 A57
_wDEWEY
_c59661
_i41898
_f2021-11-11
_g5
_lCCODEBUL1
_mBUL
_p25.00
_r0
_sY
_tBOOK
_u2015-6-16
_xTEOLOGIA
_PP35
_0COMPRA
_o.STAFF. Colección Teología
_d59661
980 _81
_gALBERTO SANCHEZ Responsable de Automatización